| 000 | 00537nam a2200193Ia 4500 | ||
|---|---|---|---|
| 005 | 20250508162433.0 | ||
| 008 | 008 250505s9999 xx 000 0 eng d | ||
| 037 | _aReference | ||
| 040 |
_aFEDL _beng _cFEDL |
||
| 041 |
_aeng _2eng |
||
| 084 |
_a599, HAN _qFEDL |
||
| 100 |
_aHanak Vladimir _9773150 |
||
| 245 | 0 | _aIllustrated encyclopedia of mammals | |
| 260 |
_aLondon, UK _bOctopus Books Ltd. _c1979 |
||
| 300 | _a351p. | ||
| 700 |
_a Mazak Vratislav _9773151 |
||
| 942 |
_cREF _h599, HAN |
||
| 999 |
_c1376531 _d1376531 |
||